| 000 | 00568nam a2200193Ia 4500 | ||
|---|---|---|---|
| 003 | GCL | ||
| 008 | 140319s9999 xx 000 0 ara d | ||
| 040 |
_aGCL / _cGCL |
||
| 082 | 0 | 4 |
_a730.118 _bر ح |
| 100 | 1 | _aريد، هربرت | |
| 245 | 1 | 0 |
_aحاضر الفن / _cريد، هربرت |
| 700 | 1 | _aسمير على (مترجم) | |
| 300 | _a200 ص | ||
| 490 |
_aالهيئة العامة للاستعلامات _v0 |
||
| 650 | 0 | 4 | _aالرمزية فى الفن |
| 650 | 0 | 4 | _aفن النحت |
| 650 | 0 | 4 | _aالتعبيرية التجريدية |
| 942 |
_2ddc _cBK |
||
| 999 |
_c47401 _d47401 |
||